000 00683nam a2200217 a 4500
001 000225910
003 AM-YeHGA
005 20250618071537.0
008 030516s1942 ai a||||r|||||000|1|arm|d
040 _aAM-YeHGA
041 0 _aarm
100 1 _aԱրազի, Մովսես,
_d1878-1964
_9972
245 1 0 _aԵրեք քաջեր :
_b[Պատմվածք] /
_cԱրազի ; Նկ.՝ Գ. Բրուդյան.
260 _aԵրևան :
_bՀայպետհրատ,
_c1942.
300 _a16 էջ :
_bնկ. ;
_c14 սմ.
650 1 4 _aՀայ գրականություն
650 1 4 _aԱրձակ - պատմվածք
700 1 _aԲրուդյան, Գ.
_eնկ.
_4art
942 _2udc
_cBK
090 _c80707
999 _c79440
_d79440